La leyenda del Cid Campeador / (Registro nro. 151094)
[ vista simple ]
| 000 -LEADER | |
|---|---|
| campo de control de longitud fija | 00567nam a2200181 i 4500 |
| 001 - NÚMERO DE CONTROL | |
| campo de control | 151094 |
| 003 - IDENTIFICADOR DE NÚMERO DE CONTROL | |
| campo de control | ES-MaACL |
| 005 - FECHA Y HORA DE LA ÚLTIMA TRANSACCIÓN | |
| campo de control | 20230906203831.0 |
| 007 - CAMPO FIJO DE DESCRIPCIÓN FÍSICA--INFORMACIÓN GENERAL | |
| campo de control de longitud fija | t| |
| 008 - DATOS DE LONGITUD FIJA--INFORMACIÓN GENERAL | |
| campo de control de longitud fija | 071205s1927 sp ||||1| spa d |
| 100 1# - ENTRADA PRINCIPAL--NOMBRE DE PERSONA | |
| Nombre de persona | Arnoux, Alexandre. |
| 9 (RLIN) | 23122 |
| 245 13 - MENCIÓN DEL TÍTULO | |
| Título | La leyenda del Cid Campeador / |
| Mención de responsabilidad, etc. | Alexandre Arnoux ; [traducida del francés por J. Albiñana-Mompo]. |
| 260 ## - PUBLICACIÓN, DISTRIBUCIÓN, ETC. | |
| Lugar de publicación, distribución, etc. | Madrid : |
| Nombre del editor, distribuidor, etc. | M. Aguilar, |
| Fecha de publicación, distribución, etc. | [1927?] |
| 300 ## - DESCRIPCIÓN FÍSICA | |
| Extensión | 165 p. ; |
| Dimensiones | 20 cm. |
| 700 1# - ENTRADA AGREGADA--NOMBRE PERSONAL | |
| Nombre de persona | Albiñana Mompó, José |
| 9 (RLIN) | 19386 |
| 852 ## - LOCALIZACIÓN | |
| Ubicación | ES-MaACL |
| Número de control de estantería | D-6160 |
| Sublocalización o colección | R.30179 |
| Estatus retirado | Estado de pérdida | Estado de daño | No para préstamo | Biblioteca de origen | Biblioteca actual | Ubicación en estantería | Fecha de adquisición | Fuente de adquisición | Total de préstamos | Signatura topográfica completa | Código de barras | Visto por última vez | Precio de reemplazo | Tipo de ítem Koha |
|---|---|---|---|---|---|---|---|---|---|---|---|---|---|---|
| Biblioteca del Ateneo de Madrid | Biblioteca del Ateneo de Madrid | Sala Valle Inclán | 17/01/2008 | D-6160 | 901157665 | 23/02/2023 | 23/02/2023 | Libro impreso |
